LDR 01114naa#a2200205#i#450# 001 RU\\bibl\121271 005 20260501232149.5 011 ## _a1994-4683 100 ## _a20230803b2023####ek#y0rusy0150####ca 102 ## _aRU 200 1# _aРАЗВИТИЕ ОБЩЕЙ ВЫНОСЛИВОСТИ НА НАЧАЛЬНОМ ЭТАПЕ ОБУЧЕНИЯ В ВЫСШЕМ УЧЕБНОМ ЗАВЕДЕНИИ _eЖурнальная статья 210 1# _aМосква _cНациональный государственный Университет физической культуры, спорта и здоровья им. П.Ф. Лесгафта _d2023 215 ## _a3 с. 608 ## _aЖурнальная статья _2local 675 ## _aМетодика физического воспитания. Пути и средства физического воспитания. Учебные заведения физической культуры. 796.011.3 _z 700 #1 _aДмитриев _gГ Г 700 #1 _aКалитов _gА Б 700 #1 _aИванов _gЕ А 700 #1 _aКулакова _gК П 856 4# _auchzapiski.lesgaft.spb.ru _u